| 000 | 003640000a22001450004500 | ||
|---|---|---|---|
| 003 | MACL | ||
| 040 | _aMACL | ||
| 090 |
_c43306 _d43304 |
||
| 100 | _aGhosh, Dr C N | ||
| 245 |
_aSports Games and Adventure Sports _bAn Unique Collection of 70 Disciplines |
||
| 260 |
_bManas Publications _c2008 |
||
| 350 | _a795 | ||
| 650 | _aPerforming Art | ||
| 942 |
_cBOOK _k790/GHO |
||
| 999 |
_c42851 _d42851 |
||